000 00459nam a2200181Ia 4500
001 20902
005 20260306172840.0
008 260306t2017||||xx |||||||||||||| ||spa||
041 _aESP
082 _a343.8
_bR24
100 _aRamos Romero, Gabriela del Pilar
_eAUT
245 0 _aGastos deducibles:
_bviajes, movilidad y vehículos
260 _c2017
300 _a47 páginas :
_c24 cm.
650 _aGEN
654 _aCCO
942 _cLIB
_dJUS
_fJUS
_2ddc
_n
999 _c20902
_d20902